Normal view
MARC view
- National Association of City Transportation Officials
Entry Corporate Name
001 - CONTROL NUMBER
- control field: 124220
003 - CONTROL NUMBER IDENTIFIER
- control field: NUST
005 - DATE AND TIME OF LATEST TRANSACTION
- control field: 20240709110839.0
008 - FIXED-LENGTH DATA ELEMENTS
- fixed length control field: 240709|| aca||aabn | a|a d
040 ## - CATALOGING SOURCE
- Original cataloging agency: NUST
- Transcribing agency: NUST
110 ## - HEADING--CORPORATE NAME
- Corporate name or jurisdiction name as entry element: National Association of City Transportation Officials
670 ## - SOURCE DATA FOUND
- Source citation: Work cat.: (NUST)0: National Association of City Transportation Officials, author., Urban street design guide /
